[Event "EU-Cup 33rd"]
[Site "Antalya"]
[Date "2017.10.10"]
[Round "3.5"]
[White "Barrett, Stephen J"]
[Black "Varga, Zoltan"]
[Result "0-1"]
[WhiteElo "2101"]
[BlackElo "2451"]
[PlyCount "80"]
[EventDate "2017.10.08"]
[EventType "team-swiss"]
[EventRounds "7"]
[EventCountry "TUR"]
[SourceTitle "CBM 181"]
[Source "ChessBase"]
[SourceDate "2017.11.10"]
[SourceVersion "1"]
[SourceVersionDate "2017.11.10"]
[SourceQuality "1"]
[WhiteTeam "White Rose"]
[BlackTeam "Dunajska Streda"]
[WhiteTeamCountry "ENG"]
[BlackTeamCountry "SVK"]

1. d4 d5 2. c4 dxc4 3. e4 Nf6 4. e5 Nd5 5. Bxc4 Nb6 6. Bd3 Nc6 7. Ne2 Bg4 8. f3 Bh5 9. Nbc3 e6 10. Be3 Bg6 11. Be4 Qd7 12. 0-0 Be7 13. a4 0-0 14. a5 Nc4 15. Bf4 Rad8 16. Qa4 N4xa5 17. Rfd1 Bxe4 18. fxe4 b6 19. d5 exd5 20. exd5 Bc5+ 21. Kh1 Nb4 22. Ne4 Qxa4 23. Rxa4 Nxd5 24. Bg5 Be7 25. Rad4 f6 26. exf6 Nxf6 27. Nxf6+ gxf6 28. Bh6 Rxd4 29. Rxd4 Rd8 30. Rg4+ Kf7 31. Rg7+ Ke8 32. g4 Rd1+ 33. Kg2 Rb1 34. Kf3 Rxb2 35. h4 Nc6 36. Nf4 a5 37. Ke4 a4 38. Nd5 a3 39. Kf5 a2 40. Rg8+ Kd7 0-1

[Event "EU-Cup 33rd"]
[Site "Antalya"]
[Date "2017.10.09"]
[Round "2.5"]
[White "Barrett, Stephen J"]
[Black "Cirdi, Dalya"]
[Result "1-0"]
[WhiteElo "2101"]
[BlackElo "1093"]
[PlyCount "75"]
[EventDate "2017.10.08"]
[EventType "team-swiss"]
[EventRounds "7"]
[EventCountry "TUR"]
[SourceTitle "CBM 181"]
[Source "ChessBase"]
[SourceDate "2017.11.10"]
[SourceVersion "1"]
[SourceVersionDate "2017.11.10"]
[SourceQuality "1"]
[WhiteTeam "White Rose"]
[BlackTeam "Hatay Buyuksehir"]
[WhiteTeamCountry "ENG"]
[BlackTeamCountry "TUR"]

1. d4 Nf6 2. c4 e6 3. Nf3 b6 4. g3 Bb7 5. Bg2 Bb4+ 6. Nbd2 0-0 7. 0-0 Bxd2 8. Qxd2 d6 9. b3 Nbd7 10. Bb2 Rb8 11. Rad1 Qe7 12. Ne1 d5 13. Nd3 Rfc8 14. c5 c6 15. f3 Re8 16. Qc1 e5 17. dxe5 Nxe5 18. Bxe5 Rbd8 19. b4 Ba6 20. Bxf6 Qxf6 21. Rfe1 d4 22. Qb2 Re3 23. Nf2 Qe7 24. Rxd4 Re8 25. Qd2 h6 26. Re4 Rxe4 27. Nxe4 Rd8 28. Nd6 bxc5 29. bxc5 Qf6 30. e4 Bc4 31. f4 Qe7 32. Qc2 Ba6 33. e5 Qd7 34. e6 fxe6 35. Bh3 Qc7 36. Bxe6+ Kf8 37. Qf5+ Ke7 38. Qf7# 1-0

[Event "EU-Cup 31st"]
[Site "Skopje"]
[Date "2015.10.24"]
[Round "7.5"]
[White "Barrett, Stephen J"]
[Black "Andonovski, Ljubisa"]
[Result "1/2-1/2"]
[WhiteElo "2214"]
[BlackElo "2311"]
[PlyCount "117"]
[EventDate "2015.10.18"]
[EventType "team-swiss"]
[EventRounds "7"]
[EventCountry "MKD"]
[SourceTitle "CBM 169"]
[Source "ChessBase"]
[SourceDate "2015.11.10"]
[SourceVersion "1"]
[SourceVersionDate "2015.11.10"]
[SourceQuality "1"]
[WhiteTeam "White Rose"]
[BlackTeam "Asseko See"]
[WhiteTeamCountry "ENG"]
[BlackTeamCountry "MKD"]

1. d4 Nf6 2. c4 e6 3. Nc3 Bb4 4. e3 0-0 5. Nge2 d5 6. a3 Bd6 7. c5 Be7 8. b4 b6 9. Ng3 c6 10. Bd3 a5 11. Rb1 Ba6 12. 0-0 Nbd7 13. f3 Bxd3 14. Qxd3 Re8 15. Bd2 axb4 16. axb4 Ra3 17. Qc2 Qa8 18. Rfd1 Bf8 19. f4 h5 20. Nf1 Be7 21. Be1 Bd8 22. Qb2 bxc5 23. bxc5 Ra7 24. Ra1 Ba5 25. Qc2 Bxc3 26. Bxc3 Ne4 27. Rxa7 Qxa7 28. Ra1 Qb7 29. Nd2 Nxd2 30. Bxd2 Rb8 31. f5 exf5 32. Qxf5 Nf6 33. Rf1 Qb2 34. Be1 Qe2 35. Qf3 Qxf3 36. gxf3 g5 37. h3 Rb3 38. Bf2 g4 39. hxg4 hxg4 40. Bh4 Nh7 41. Kf2 Rb2+ 42. Kg3 Re2 43. Kf4 gxf3 44. Rxf3 Nf8 45. Kf5 Ng6 46. Bg5 Kf8 47. Rf1 Ke8 48. Ra1 Rf2+ 49. Bf4 Nxf4 50. exf4 Re2 51. Ra8+ Ke7 52. Ra7+ Ke8 53. Rb7 Re4 54. Rc7 Re6 55. Kg5 Rg6+ 56. Kf5 Re6 57. Kg5 Rg6+ 58. Kh5 Rf6 59. Kg5 1/2-1/2

[Event "EU-Cup 29th"]
[Site "Rhodes"]
[Date "2013.10.21"]
[Round "2.4"]
[White "Buttell, David"]
[Black "Barrett, Stephen J"]
[Result "0-1"]
[WhiteElo "1901"]
[BlackElo "2216"]
[PlyCount "84"]
[EventDate "2013.10.20"]
[EventType "team-swiss"]
[EventRounds "7"]
[EventCountry "GRE"]
[SourceTitle "CBM 157"]
[Source "ChessBase"]
[SourceDate "2013.11.12"]
[SourceVersion "1"]
[SourceVersionDate "2013.11.12"]
[SourceQuality "1"]
[WhiteTeam "White Knights"]
[BlackTeam "White Rose"]
[WhiteTeamCountry "WLS"]
[BlackTeamCountry "ENG"]

1. d4 Nf6 2. c4 g6 3. Nc3 Bg7 4. e4 d6 5. f3 0-0 6. Be3 Nbd7 7. Nh3 e5 8. d5 Nh5 9. Qd2 f5 10. Bd3 Ndf6 11. Ng1 Rf7 12. Nge2 c5 13. Qc2 f4 14. Bf2 Ne8 15. Kd2 a6 16. a3 b5 17. cxb5 Rb7 18. bxa6 Rbb8 19. Rab1 Bxa6 20. Nc1 Qa5 21. Bxa6 Rxa6 22. Nd3 Qc7 23. Ke2 Nhf6 24. Rhc1 Nd7 25. Na2 Nb6 26. Kf1 Bf6 27. Kg1 Qd8 28. h3 Bh4 29. Bxh4 Qxh4 30. Qf2 Qd8 31. Qc2 Nc7 32. b4 c4 33. b5 cxd3 34. Qxc7 Qxc7 35. Rxc7 Rxa3 36. Nb4 Na4 37. Nc6 Nc3 38. Nxb8 Nxb1 39. Rc8+ Kg7 40. Rc7+ Kh6 41. Kf2 d2 42. Ke2 Re3+ 0-1

[Event "EU-Cup 28th"]
[Site "Eilat"]
[Date "2012.10.14"]
[Round "4.4"]
[White "Muhren, Bianca"]
[Black "Barrett, Stephen J"]
[Result "0-1"]
[WhiteElo "2307"]
[BlackElo "2225"]
[PlyCount "86"]
[EventDate "2012.10.11"]
[EventType "team-swiss"]
[EventRounds "7"]
[EventCountry "ISR"]
[SourceTitle "CBM 151"]
[Source "ChessBase"]
[SourceDate "2012.11.13"]
[SourceVersion "1"]
[SourceVersionDate "2012.11.13"]
[SourceQuality "1"]
[WhiteTeam "De Stukkenjagers"]
[BlackTeam "White Rose"]
[WhiteTeamCountry "NED"]
[BlackTeamCountry "ENG"]

1. e4 c5 2. Nf3 e6 3. d4 cxd4 4. Nxd4 Nf6 5. Nc3 d6 6. g4 a6 7. g5 Nfd7 8. h4 b5 9. a3 Nb6 10. Bg2 Bb7 11. Qe2 Be7 12. b3 Nc6 13. Nxc6 Bxc6 14. f4 Rc8 15. Bb2 0-0 16. 0-0-0 Qc7 17. Kb1 a5 18. g6 h6 19. gxf7+ Rxf7 20. Bh3 b4 21. Na2 bxa3 22. Bc3 Bd7 23. Rhg1 Bf6 24. e5 dxe5 25. fxe5 Bxh4 26. Rg6 Re8 27. Bxa5 Qa7 28. Bc3 Bg5 29. Bd4 Qc7 30. Qa6 Nd5 31. Rxe6 Rc8 32. c4 Nf4 33. Bb6 Qb8 34. Rxh6 Qxe5 35. Bd4 Qe4+ 36. Ka1 Bxh6 37. Bxd7 Rd8 38. Nc3 Qc2 39. Qxa3 Rfxd7 40. Rc1 Qg2 41. Bb6 Ra8 42. Na4 Bg5 43. Qa2 Rd2 0-1

[Event "EU-Cup 27th"]
[Site "Rogaska Slatina"]
[Date "2011.09.29"]
[Round "5"]
[White "Barrett, Stephen J"]
[Black "Lemmers, Oscar"]
[Result "1/2-1/2"]
[WhiteElo "2227"]
[BlackElo "2382"]
[PlyCount "131"]
[EventDate "2011.09.25"]
[EventType "team-swiss"]
[EventRounds "7"]
[EventCountry "SLO"]
[SourceTitle "CBM 145"]
[Source "ChessBase"]
[SourceDate "2011.11.11"]
[SourceVersion "1"]
[SourceVersionDate "2011.11.11"]
[SourceQuality "1"]
[WhiteTeam "White Rose"]
[BlackTeam "Voerendaal"]
[WhiteTeamCountry "ENG"]
[BlackTeamCountry "NED"]

1. d4 d5 2. c4 c6 3. Nf3 Nf6 4. e3 Bg4 5. Qb3 Qb6 6. Nc3 Bxf3 7. gxf3 e6 8. e4 dxc4 9. Bxc4 Nbd7 10. Be3 Qxb3 11. Bxb3 Be7 12. 0-0 0-0 13. Rfd1 e5 14. dxe5 Nxe5 15. f4 Neg4 16. e5 Nxe3 17. exf6 Nxd1 18. fxe7 Rfe8 19. Rxd1 Rxe7 20. f3 g6 21. Kf2 Kg7 22. f5 gxf5 23. Kg3 a5 24. Kf4 b5 25. Rd2 a4 26. Bc2 a3 27. b3 Rae8 28. Bxf5 Re1 29. Ne4 Kf8 30. Kg5 Rf1 31. Kf4 h6 32. h3 b4 33. Ke3 Rb1 34. Kd3 Re5 35. Bc8 Rd5+ 36. Kc4 Rb2 37. Rf2 Rxf2 38. Nxf2 Rd2 39. Ne4 Rxa2 40. Kxb4 Rf2 41. Kxa3 Rxf3 42. Bg4 Rd3 43. Nc5 Rd5 44. b4 Ke7 45. Kb3 Kd6 46. Kc4 h5 47. Bf3 Rf5 48. Bg2 h4 49. Kd4 Kc7 50. Ke4 Rg5 51. Bf3 Rg3 52. Bg4 Kb6 53. Nd3 Kb5 54. Bd7 f6 55. Kd4 Rg7 56. Be6 Rg5 57. Bc4+ Kb6 58. Nc5 Rg3 59. Be6 Kb5 60. Nd3 Rg5 61. Bc4+ Kb6 62. Ke4 Rg3 63. Nf4 Rg5 64. Nd3 Rg3 65. Nf4 Rg5 66. Nd3 1/2-1/2

[Event "BCF-chT1c 1011 (4NCL) Promotion pool"]
[Site "England"]
[Date "2011.04.30"]
[Round "9.11"]
[White "Barrett, Stephen J"]
[Black "Ward, Christopher"]
[Result "1/2-1/2"]
[WhiteElo "2212"]
[BlackElo "2449"]
[PlyCount "41"]
[EventDate "2010.11.06"]
[EventType "team-tourn"]
[EventRounds "4"]
[EventCountry "ENG"]
[SourceTitle "EXT 2012"]
[Source "ChessBase"]
[SourceDate "2011.11.24"]
[SourceVersion "1"]
[SourceVersionDate "2011.11.24"]
[SourceQuality "1"]
[WhiteTeam "White Rose"]
[BlackTeam "Pride and Prejudice"]
[WhiteTeamCountry "ENG"]
[BlackTeamCountry "ENG"]

1. d4 Nf6 2. c4 e6 3. Nc3 Bb4 4. Qc2 d5 5. a3 Bxc3+ 6. Qxc3 dxc4 7. Qxc4 b6 8. Nf3 0-0 9. Bg5 Ba6 10. Qc2 c5 11. dxc5 bxc5 12. Qxc5 Ne4 13. Bxd8 Nxc5 14. Be7 Rc8 15. Bxc5 Rxc5 16. Rd1 Nc6 17. e3 Bb5 18. Bxb5 Rxb5 19. Rd2 Rab8 20. b4 a5 21. Nd4 1/2-1/2

[Event "EU-Cup 26th"]
[Site "Plovdiv"]
[Date "2010.10.20"]
[Round "4.2"]
[White "Van der Werf, Mark"]
[Black "Barrett, Stephen J"]
[Result "1-0"]
[WhiteElo "2432"]
[BlackElo "2205"]
[PlyCount "93"]
[EventDate "2010.10.17"]
[EventType "team-swiss"]
[EventRounds "7"]
[EventCountry "BUL"]
[SourceTitle "CBM 139"]
[Source "ChessBase"]
[SourceDate "2010.11.18"]
[SourceVersion "1"]
[SourceVersionDate "2010.11.18"]
[SourceQuality "1"]
[WhiteTeam "Leiden LSG"]
[BlackTeam "White Rose"]
[WhiteTeamCountry "NED"]
[BlackTeamCountry "ENG"]

1. d4 Nf6 2. c4 g6 3. Nc3 Bg7 4. e4 d6 5. h3 0-0 6. Bg5 Na6 7. Bd3 e5 8. d5 Qe8 9. Nge2 Nd7 10. Qd2 f5 11. f3 Rf7 12. a3 Nac5 13. Bc2 a5 14. b3 Nf6 15. Ng3 f4 16. Nge2 Nh5 17. Bh4 Bf6 18. Bf2 b6 19. 0-0-0 Bd7 20. Kb2 Qd8 21. Qe1 Kh8 22. Ra1 Qe8 23. Qd2 g5 24. Rhb1 Ng7 25. Nc1 h5 26. b4 Na4+ 27. Bxa4 Bxa4 28. b5 h4 29. Nxa4 Qb8 30. Nd3 Ne8 31. Kc2 Kg7 32. Kd1 Kg6 33. Nab2 Re7 34. Qc2 Kg7 35. Be1 Kf7 36. Bc3 Bg7 37. c5 Nf6 38. cxd6 cxd6 39. Rc1 Rc7 40. Qf2 Nd7 41. Bd2 Raa7 42. Rc6 Bf8 43. Be1 Be7 44. Rac1 Bd8 45. Qc2 Ke7 46. Qb3 Qc8 47. Nc4 1-0

[Event "World op 38th"]
[Site "Philadelphia"]
[Date "2010.07.05"]
[Round "9"]
[White "Barrett, Stephen J"]
[Black "Bellaiche, Antony"]
[Result "1/2-1/2"]
[WhiteElo "2181"]
[BlackElo "2442"]
[PlyCount "76"]
[EventDate "2010.06.29"]
[EventType "swiss"]
[EventRounds "9"]
[EventCountry "USA"]
[SourceTitle "CBM 137 Extra"]
[Source "ChessBase"]
[SourceDate "2010.09.01"]
[SourceVersion "1"]
[SourceVersionDate "2010.09.01"]
[SourceQuality "1"]

1. d4 Nf6 2. c4 e6 3. Nc3 Bb4 4. Qc2 0-0 5. a3 Bxc3+ 6. Qxc3 d5 7. Bg5 c5 8. dxc5 d4 9. Qc2 Nc6 10. b4 e5 11. e3 Re8 12. Rd1 h6 13. Bxf6 Qxf6 14. e4 a5 15. b5 Nd8 16. a4 Ne6 17. c6 Nc5 18. cxb7 Bxb7 19. Bd3 Nxd3+ 20. Qxd3 Qg6 21. Ne2 Bxe4 22. Qg3 Qxg3 23. Nxg3 Bc2 24. Rc1 Bxa4 25. Ne4 Bb3 26. c5 Bd5 27. f3 Rab8 28. Nd6 Red8 29. Ra1 Rxd6 30. cxd6 Rxb5 31. d7 Rb8 32. Rxa5 Be6 33. Rxe5 Bxd7 34. Kf2 Be6 35. Rd1 Rd8 36. g4 Bb3 37. Rd2 d3 38. Rc5 Rd7 1/2-1/2

[Event "New York Int op"]
[Site "New York"]
[Date "2010.06.20"]
[Round "6"]
[White "Flom, Gabriel"]
[Black "Barrett, Stephen J"]
[Result "1-0"]
[WhiteElo "2419"]
[BlackElo "2197"]
[PlyCount "41"]
[EventDate "2010.06.18"]
[EventType "swiss"]
[EventRounds "9"]
[EventCountry "USA"]
[SourceTitle "EXT 2015"]
[Source "ChessBase"]
[SourceDate "2014.11.20"]
[SourceVersion "1"]
[SourceVersionDate "2014.11.20"]
[SourceQuality "1"]

1. d4 Nf6 2. c4 g6 3. Nc3 Bg7 4. e4 d6 5. f3 0-0 6. Be3 Nbd7 7. Qd2 c5 8. Nge2 a6 9. Bh6 Qa5 10. h4 b5 11. h5 cxd4 12. Nxd4 Ne5 13. hxg6 fxg6 14. Bxg7 Kxg7 15. cxb5 axb5 16. Bxb5 Nh5 17. Qg5 Nf7 18. Qxe7 Qb6 19. 0-0-0 Ra7 20. Qh4 h6 21. Kb1 1-0

[Event "London Classic op"]
[Site "London"]
[Date "2009.12.11"]
[Round "5"]
[White "Barrett, Stephen J"]
[Black "Lie, Terje"]
[Result "1-0"]
[WhiteElo "2202"]
[BlackElo "1666"]
[PlyCount "105"]
[EventDate "2009.12.08"]
[EventType "swiss"]
[EventRounds "9"]
[EventCountry "ENG"]
[SourceTitle "CBM 133 Extra"]
[Source "ChessBase"]
[SourceDate "2010.01.05"]
[SourceVersion "1"]
[SourceVersionDate "2010.01.05"]
[SourceQuality "1"]

1. d4 Nf6 2. c4 e6 3. Nc3 Bb4 4. Qc2 b6 5. a3 Bxc3+ 6. Qxc3 d6 7. Bg5 Nbd7 8. f3 0-0 9. e3 h6 10. Bh4 c5 11. dxc5 dxc5 12. Bd3 Bb7 13. Ne2 Qc8 14. 0-0 Nh7 15. Rad1 Ndf6 16. Rd2 Re8 17. Rfd1 e5 18. Bb1 e4 19. f4 Qg4 20. Bf2 Re7 21. h3 Qc8 22. Bh4 Rd7 23. Qe5 Rxd2 24. Rxd2 Qe8 25. Nc3 Rd8 26. Rxd8 Qxd8 27. Bxe4 Bxe4 28. Nxe4 Qd1+ 29. Kh2 Nxe4 30. Qxe4 Qd7 31. Qe7 Nf8 32. Qxd7 Nxd7 33. Kg3 f5 34. Kf3 Kf7 35. e4 g6 36. g4 Ke6 37. Bd8 Nb8 38. exf5+ gxf5 39. Kg3 Nc6 40. Bc7 Kf6 41. Kh4 Kg6 42. gxf5+ Kxf5 43. Kh5 Nd4 44. Kxh6 Ne6 45. Be5 a6 46. h4 b5 47. cxb5 axb5 48. h5 c4 49. Kh7 Nf8+ 50. Kg8 Ne6 51. h6 Nf8 52. Kxf8 Kg6 53. Bg7 1-0